000 00276nam a22001337a 4500
008 170522b xxu||||| |||| 00| 0 eng d
020 _a9781740480567
041 _aeng
080 _a94(4)
100 _a16
101 _aSHH
245 _aEGYPT
_cPERRY, CH
942 _2udc
_cBK
999 _c13691
_d13691